Primer encuentro interinstitucional sobre el sistema nacional de información estadística / (Registro nro. 47234)
[ vista simple ]
| 000 -CABECERA | |
|---|---|
| campo de control de longitud fija | 00880nam a2200217 a 4500 |
| 001 - NÚMERO DE CONTROL | |
| campo de control | 000047746 |
| 003 - IDENTIFICADOR DEL NÚMERO DE CONTROL | |
| campo de control | DO-SdBNP |
| 005 - FECHA Y HORA DE LA ÚLTIMA TRANSACCIÓN | |
| campo de control | 20251120123659.0 |
| 008 - DATOS DE LONGITUD FIJA--INFORMACIÓN GENERAL | |
| campo de control de longitud fija | 180730s2004 dr 000 0 spa d |
| 040 ## - FUENTE DE LA CATALOGACIÓN | |
| Centro catalogador/agencia de origen | DO-SdBNP |
| Lengua de catalogación | spa |
| Centro/agencia transcriptor | BNPHU |
| 082 #4 - NÚMERO DE LA CLASIFICACIÓN DECIMAL DEWEY | |
| Número de clasificación | xxx |
| Número de documento/Ítem | xxx |
| 111 2# - ENTRADA PRINCIPAL--NOMBRE DE CONGRESO/REUNIÓN | |
| Nombre de congreso/reunión o jurisdicción como elemento de entrada | Encuentro interinstitucional sobre el sistema nacional de información estadística |
| Número del congreso/reunión o número de parte o sección | (1: |
| Fecha del congreso/reunión | 2004 : |
| Sede del congreso/Lugar de la reunión | Santo Domingo) |
| 9 (RLIN) | 75348 |
| 245 10 - MENCIÓN DE TÍTULO | |
| Título | Primer encuentro interinstitucional sobre el sistema nacional de información estadística / |
| Mención de responsabilidad, etc. | presentación, Pablo Tactuk. |
| 260 ## - PUBLICACIÓN, DISTRIBUCIÓN, ETC. | |
| Lugar de publicación, distribución, etc. | Santo Domingo, : |
| Nombre del editor, distribuidor, etc. | ONE, |
| Fecha de publicación, distribución, etc. | 2004. |
| 300 ## - DESCRIPCIÓN FÍSICA | |
| Extensión | 97 p. ; |
| Dimensiones | 29 cm. |
| 500 ## - NOTA GENERAL | |
| Nota general | Con los auspicios del programa de apoyo a la reforma y modernización del Poder Ejecutivo (Pro-Reforma) |
| 590 ## - NOTA LOCAL (RLIN) | |
| Nota local | Inventariado, 2018/ YL |
| 700 ## - PUNTO DE ACCESO ADICIONAL--NOMBRE DE PERSONA | |
| Nombre de persona | Tactuk, Pablo |
| Término indicativo de función/relación | pres. |
| 9 (RLIN) | 5774 |
| 710 ## - PUNTO DE ACCESO ADICIONAL--NOMBRE DE ENTIDAD CORPORATIVA | |
| Nombre de entidad corporativa o nombre de jurisdicción como elemento de entrada | Oficina Nacional de Estadística |
| 9 (RLIN) | 75349 |
| 942 ## - ELEMENTOS DE PUNTO DE ACCESO ADICIONAL (KOHA) | |
| Fuente del sistema de clasificación o colocación | Dewey Decimal Classification |
| Tipo de ítem Koha | Libro |
| Estado de retiro | Estado de pérdida | No para préstamo | Código de colección | Localización permanente | Ubicación/localización actual | Ubicación en estantería | Fecha de adquisición | Número de inventario | Total de préstamos | Signatura topográfica completa | Código de barras | Fecha visto por última vez | Precio válido a partir de | Tipo de ítem Koha |
|---|---|---|---|---|---|---|---|---|---|---|---|---|---|---|
| Excluido de préstamo | Patrimonio Dominicano | Patrimonio Dominicano | Patrimonio Dominicano | En catalogación | 30.07.2018 | LF1 | xxx xxx | 47746-10 | 25.06.2020 | 25.06.2020 | Libro y Folleto Colección Patrimonio Dominicano |
